|
|
|
|
| LEADER |
00000cam a2200000 c 4500 |
| 001 |
526903813 |
| 003 |
DE-627 |
| 005 |
20251223213053.0 |
| 007 |
tu |
| 008 |
070405s2007 gw ||||| m 00| ||ger c |
| 010 |
|
|
|a 2008380759
|
| 015 |
|
|
|a 07,N15,0239
|2 dnb
|
| 015 |
|
|
|a 07,N15,0239
|2 dnb
|
| 016 |
7 |
|
|a 983577072
|2 DE-101
|
| 020 |
|
|
|a 3899135474
|c Kt. : EUR 54.00
|9 3-89913-547-4
|
| 020 |
|
|
|a 9783899135473
|c Kt. : EUR 54.00
|9 978-3-89913-547-3
|
| 024 |
3 |
|
|a 9783899135473
|
| 035 |
|
|
|a (DE-627)526903813
|
| 035 |
|
|
|a (DE-576)263497399
|
| 035 |
|
|
|a (DE-599)DNB983577072
|
| 035 |
|
|
|a (OCoLC)255965917
|
| 035 |
|
|
|a (OCoLC)122935642
|
| 035 |
|
|
|a (DE-604)BV022438870
|
| 040 |
|
|
|a DE-627
|b ger
|c DE-627
|e rakwb
|
| 041 |
|
|
|a ger
|a rom
|a rum
|
| 044 |
|
|
|c XA-DE-BY
|
| 050 |
|
0 |
|a DX224
|
| 082 |
0 |
|
|a 230
|q BSZ
|
| 082 |
0 |
|
|a 200
|q DE-604
|2 22/ger
|
| 082 |
0 |
|
|a 300
|q DE-604
|2 22/ger
|
| 082 |
0 |
4 |
|a 200
|a 230
|
| 082 |
0 |
4 |
|a 230
|
| 084 |
|
|
|a 7,41
|2 ssgn
|
| 084 |
|
|
|a 1
|a 0
|2 ssgn
|
| 084 |
|
|
|a 1
|2 ssgn
|
| 084 |
|
|
|a BP 7694
|2 rvk
|0 (DE-625)rvk/15141:351
|
| 084 |
|
|
|a LB 24280
|2 rvk
|0 (DE-625)rvk/90518:854
|
| 084 |
|
|
|a LB 48285
|2 rvk
|0 (DE-625)rvk/90563:859
|
| 084 |
|
|
|a 11.05
|2 bkl
|
| 084 |
|
|
|a 11.09
|2 bkl
|
| 090 |
|
|
|a a
|
| 100 |
1 |
|
|a Ries, Johannes
|4 aut
|
| 245 |
1 |
0 |
|a Welten Wanderer
|b über die kulturelle Souveränität siebenbürgischer Zigeuner und den Einfluß des Pfingstchristentums
|c Johannes Ries
|
| 246 |
3 |
0 |
|a Welten-Wanderer
|
| 263 |
|
|
|a Erscheint: 20. März 2007
|
| 264 |
|
1 |
|a Würzburg
|b Ergon
|c 2007
|
| 300 |
|
|
|a 460 S.
|b Ill., graph. Darst.
|c 225 mm x 155 mm
|
| 336 |
|
|
|a Text
|b txt
|2 rdacontent
|
| 337 |
|
|
|a ohne Hilfsmittel zu benutzen
|b n
|2 rdamedia
|
| 338 |
|
|
|a Band
|b nc
|2 rdacarrier
|
| 490 |
1 |
|
|a Religion in der Gesellschaft
|v 21
|
| 500 |
|
|
|a Enth. Lieder in Romani und Rumän. mit dt. Übersetzung
|
| 502 |
|
|
|a Zugl.: Leipzig, Univ., Diss., 2006
|
| 505 |
8 |
|
|a Enth. Lieder in Romani und Rumän. mit dt. Übersetzung
|
| 583 |
1 |
|
|a Archivierung/Langzeitarchivierung gewährleistet
|f SSG
|x XA-DE-BW
|2 pdager
|5 DE-21
|
| 583 |
1 |
|
|a Archivierung prüfen
|c 20240324
|f DE-4165
|z 2
|2 pdager
|
| 601 |
|
|
|a Souveränität
|
| 601 |
|
|
|a Einfluss
|
| 650 |
|
0 |
|a Romanies
|z Romania
|z Transylvania
|x Religion
|
| 650 |
|
0 |
|a Pentecostals
|z Romania
|z Transylvania
|
| 651 |
|
0 |
|a Transylvania (Romania)
|x Religion
|
| 652 |
|
|
|a AD:AG:KBK:KDG
|
| 655 |
|
7 |
|a Hochschulschrift
|0 (DE-588)4113937-9
|0 (DE-627)105825778
|0 (DE-576)209480580
|2 gnd-content
|
| 689 |
0 |
0 |
|d s
|0 (DE-588)4067777-1
|0 (DE-627)104306386
|0 (DE-576)209171359
|2 gnd
|a Zigeuner
|
| 689 |
0 |
1 |
|d s
|0 (DE-588)4077575-6
|0 (DE-627)104152044
|0 (DE-576)209205709
|2 gnd
|a Soziale Situation
|
| 689 |
0 |
2 |
|d s
|0 (DE-588)4033542-2
|0 (DE-627)10625670X
|0 (DE-576)20900259X
|2 gnd
|a Kulturelle Identität
|
| 689 |
0 |
3 |
|d s
|0 (DE-588)4354651-1
|0 (DE-627)181259605
|0 (DE-576)211562815
|2 gnd
|a Religiöse Identität
|
| 689 |
0 |
4 |
|d g
|0 (DE-588)4054835-1
|0 (DE-627)106160923
|0 (DE-576)209110759
|2 gnd
|a Siebenbürgen
|
| 689 |
0 |
|
|5 DE-101
|
| 689 |
1 |
0 |
|d s
|0 (DE-588)4067777-1
|0 (DE-627)104306386
|0 (DE-576)209171359
|2 gnd
|a Zigeuner
|
| 689 |
1 |
1 |
|d s
|0 (DE-588)4039567-4
|0 (DE-627)106227602
|0 (DE-576)20903551X
|2 gnd
|a Mission
|
| 689 |
1 |
2 |
|d s
|0 (DE-588)4136841-1
|0 (DE-627)105654477
|0 (DE-576)209672587
|2 gnd
|a Pfingstbewegung
|
| 689 |
1 |
3 |
|d g
|0 (DE-588)4054835-1
|0 (DE-627)106160923
|0 (DE-576)209110759
|2 gnd
|a Siebenbürgen
|
| 689 |
1 |
|
|5 DE-101
|
| 751 |
|
|
|a Leipzig
|0 (DE-588)4035206-7
|0 (DE-627)104798998
|0 (DE-576)209011246
|4 uvp
|
| 787 |
0 |
8 |
|i Rezensiert in
|a Schüler, Sebastian, 1976 -
|t [Rezension von: Ries, Johannes, Welten Wanderer]
|d 2009
|w (DE-627)1684177936
|
| 830 |
|
0 |
|a Religion in der Gesellschaft
|v 21
|9 21
|w (DE-627)477295479
|w (DE-576)047319518
|w (DE-600)2174192-X
|x 1432-0304
|7 am
|
| 856 |
4 |
2 |
|u https://swbplus.bsz-bw.de/bsz263497399inh.htm
|m V:DE-576
|v 2008-08-11
|3 Inhaltsverzeichnis
|7 1
|
| 935 |
|
|
|a mteo
|
| 935 |
|
|
|i sf
|
| 935 |
|
|
|i Blocktest
|
| 936 |
r |
v |
|a BP 7694
|b Einzeluntersuchungen
|k Theologie und Religionswissenschaften
|k Evangelische Kirchengeschichte
|k Freikirchen und Sondergruppen
|k Apokalyptische Gruppen
|k Pfingstler
|k Einzeluntersuchungen
|0 (DE-627)1273447050
|0 (DE-625)rvk/15141:351
|0 (DE-576)203447050
|
| 936 |
r |
v |
|a LB 24280
|b Jugoslawien und Nachfolgestaaten (insb. Serbien und Montenegro)
|k Sozial- und Kulturanthropologie. Empirische Kulturwissenschaft
|k Gesamtdarstellungen und Sammelwerke
|k Gesamtdarstellungen, einzelnes
|k Europa
|k Osteuropa
|k Südosteuropa
|k Jugoslawien und Nachfolgestaaten (insb. Serbien und Montenegro)
|0 (DE-627)1271513439
|0 (DE-625)rvk/90518:854
|0 (DE-576)201513439
|
| 936 |
r |
v |
|a LB 48285
|b Rumänien
|k Sozial- und Kulturanthropologie. Empirische Kulturwissenschaft
|k Soziale und politische Organisation und Praxis
|k Ethnische Gruppen, Ethnizität, multikulturelle Gesellschaft
|k Europa
|k Osteuropa
|k Südosteuropa
|k Rumänien
|0 (DE-627)1271677733
|0 (DE-625)rvk/90563:859
|0 (DE-576)201677733
|
| 936 |
r |
u |
|a EV 498
|b Romani / Gypsy Culture and Studies
|k Allgemeine und vergleichende Sprach- und Literaturwissenschaft. Indogermanistik. Außereuropäische Sprachen und Literaturen
|k Indoiranische Sprachen und Literaturen (unter Einschluss nichtindogermanischer Sprachen)
|k Indische Sprachen und Literaturen
|k Realien
|k Romani / Gypsy Culture and Studies
|0 (DE-627)1271412756
|0 (DE-625)rvk/28350:
|0 (DE-576)201412756
|z Ungueltig
|
| 936 |
b |
k |
|a 11.05
|j Religionssoziologie
|0 (DE-627)106404202
|
| 936 |
b |
k |
|a 11.09
|j Systematische Religionswissenschaft: Sonstiges
|0 (DE-627)106404237
|
| 951 |
|
|
|a BO
|
| ELC |
|
|
|b 1
|
| ITA |
|
|
|a 1
|t 1
|
| LOK |
|
|
|0 000 xxxxxcx a22 zn 4500
|
| LOK |
|
|
|0 001 3106127813
|
| LOK |
|
|
|0 003 DE-627
|
| LOK |
|
|
|0 004 526903813
|
| LOK |
|
|
|0 005 20081124083602
|
| LOK |
|
|
|0 008 081111||||||||||||||||ger|||||||
|
| LOK |
|
|
|0 040
|a DE-21
|c DE-627
|d DE-21
|
| LOK |
|
|
|0 852
|a DE-21
|
| LOK |
|
|
|0 852 1
|c 48 A 12215
|9 00
|
| LOK |
|
|
|0 935
|a theo
|
| LOK |
|
|
|0 936ln
|a t4.9
|
| LOK |
|
|
|0 938
|l 23
|8 2
|
| LOK |
|
|
|0 938
|l 24/11/08
|8 6
|
| LOK |
|
|
|0 939
|a 11-11-08
|b l01
|
| LOK |
|
|
|0 000 xxxxxcx a22 zn 4500
|
| LOK |
|
|
|0 001 3106128461
|
| LOK |
|
|
|0 003 DE-627
|
| LOK |
|
|
|0 004 526903813
|
| LOK |
|
|
|0 005 20180921145757
|
| LOK |
|
|
|0 008 180921||||||||||||||||ger|||||||
|
| LOK |
|
|
|0 035
|a (DE-Tue135)DNB983577072
|
| LOK |
|
|
|0 040
|a DE-Tue135
|c DE-627
|d DE-Tue135
|
| LOK |
|
|
|0 092
|o n
|
| LOK |
|
|
|0 852
|a DE-Tue135
|
| LOK |
|
|
|0 852 1
|9 00
|
| LOK |
|
|
|0 935
|a ixse
|a bsbo
|
| LOK |
|
|
|0 936ln
|0 1442043016
|a AD
|
| LOK |
|
|
|0 936ln
|0 1442043229
|a AG
|
| LOK |
|
|
|0 936ln
|0 1442048824
|a KBK
|
| LOK |
|
|
|0 936ln
|0 1442050470
|a KDG
|
| LOK |
|
|
|0 939
|a 21-09-18
|b l01
|
| ORI |
|
|
|a SA-MARC-ixtheoa001.raw
|
| REL |
|
|
|a 1
|
| STA |
0 |
0 |
|a Cultural identity,Cultural identity,Gypsies,Romanies,Mission (international law,Mission,Mission,Christianity,World mission,Pentecostal churches,Pentecostalism,Religious identity,Religious identity,Identity,Social situation,Social conditions,Transylvania,Siebenbürgen
|
| STB |
0 |
0 |
|a Identité culturelle,Identité culturelle,Identité religieuse,Identité religieuse,Mission,Mission,Mission,Pentecôtisme,Mouvement charismatique,Situation sociale,Tziganes
|
| STC |
0 |
0 |
|a Gitanos,Identidad cultural,Identidad cultural,Identidad religiosa,Identidad religiosa,Misión,Misión,Misión,Movimiento,Iglesia pentecostal,Iglesia pentecostal,Situación social
|
| STD |
0 |
0 |
|a Condizioni sociali,Identità culturale,Identità culturale,Identità religiosa,Identità religiosa,Missione,Missione,Missione,Movimento pentecostale,Zingaro
|
| STE |
0 |
0 |
|a 五旬节运动,宗教身份,宗教认同,宣教,宣教,传教,宣教使命,传教,宣教使命,文化认同,文化身份,社会情境,社会环境,社会状况
|
| STF |
0 |
0 |
|a 五旬節運動,宗教身份,宗教認同,宣教,宣教,傳教,宣教使命,傳教,宣教使命,文化認同,文化身份,社會情境,社會環境,社會狀況
|
| STG |
0 |
0 |
|a Ciganos,Identidade cultural,Identidade cultural,Identidade religiosa,Identidade religiosa,Missão,Missão,Missão,Movimento,Igreja pentecostal,Igreja pentecostal,Situação social
|
| STH |
0 |
0 |
|a Культурная идентичность (мотив),Культурная идентичность,Миссия (международное право),Миссия (мотив),Миссия,Пятидесятники (церковь),Религиозная личность (мотив),Религиозное сознание,Социальная ситуация,Цыгане
|
| STI |
0 |
0 |
|a Αποστολή (Διεθνές δίκαιο),Ιεραποστολή (μοτίβο),Ιεραποστολή,Θρησκευτική ταυτότητα (μοτίβο),Θρησκευτική ταυτότητα,Κοινωνική κατάσταση,Πεντηκοστιανισμός,Πολιτιστική ταυτότητα (μοτίβο),Πολιτιστική ταυτότητα,Ρομά,Τσιγγάνοι,Αθίγγανοι
|
| SUB |
|
|
|a REL
|
| SYG |
0 |
0 |
|a Soziale Lage,Soziale Verhältnisse,Soziallage,Sozialverhältnisse,Soziale Bedingungen , Identität,Kulturelles Bewusstsein,Identität,Kulturelles Bewusstsein , Religiöses Bewusstsein , Fürstentum Siebenbürgen,Transsilvanien,Transsylvanien,Transilvania,Transylvania,Ardeal,Erdély,Siedmiogród,Sedmohradsko,Sedmihradsko , Diplomatische Mission,Christentum,Christliche Mission,Heidenmission,Weltmission,Missionierung , Pfingstkirche,Pfingstkirchen,Pentekostalismus , Fürstentum Siebenbürgen,Transsilvanien,Transsylvanien,Transilvania,Transylvania,Ardeal,Erdély,Siedmiogród,Sedmohradsko,Sedmihradsko
|